<?xml version="1.0" encoding="UTF-8"?>
<record
    xmlns:xsi="http://www.w3.org/2001/XMLSchema-instance"
    xsi:schemaLocation="http://www.loc.gov/MARC21/slim http://www.loc.gov/standards/marcxml/schema/MARC21slim.xsd"
    xmlns="http://www.loc.gov/MARC21/slim">

  <leader>01581nam a22002537a 4500</leader>
  <controlfield tag="001">5457</controlfield>
  <controlfield tag="003">FISKH</controlfield>
  <controlfield tag="005">20241209144037.0</controlfield>
  <controlfield tag="008">241209b        cb ||||| |||| 00| 0 eng d</controlfield>
  <datafield tag="020" ind1=" " ind2=" ">
    <subfield code="a">9789046112731</subfield>
  </datafield>
  <datafield tag="040" ind1=" " ind2=" ">
    <subfield code="a">FISKH</subfield>
    <subfield code="b">eng</subfield>
    <subfield code="c">FISKH</subfield>
    <subfield code="d">FISKH</subfield>
  </datafield>
  <datafield tag="050" ind1=" " ind2=" ">
    <subfield code="a">PR6056.L4</subfield>
  </datafield>
  <datafield tag="082" ind1=" " ind2=" ">
    <subfield code="a">823.914</subfield>
  </datafield>
  <datafield tag="100" ind1=" " ind2=" ">
    <subfield code="a">Fleming, Ian</subfield>
    <subfield code="d">(1908&#x2013;1964)</subfield>
  </datafield>
  <datafield tag="245" ind1=" " ind2=" ">
    <subfield code="a">Live and let die /</subfield>
    <subfield code="c">Ian Fleming</subfield>
  </datafield>
  <datafield tag="250" ind1=" " ind2=" ">
    <subfield code="a">2007</subfield>
  </datafield>
  <datafield tag="260" ind1=" " ind2=" ">
    <subfield code="a">London :</subfield>
    <subfield code="b">Zwarte Beertjes,</subfield>
    <subfield code="c">2007.</subfield>
  </datafield>
  <datafield tag="300" ind1=" " ind2=" ">
    <subfield code="a">239 pages :</subfield>
    <subfield code="c">18 cm</subfield>
  </datafield>
  <datafield tag="520" ind1=" " ind2=" ">
    <subfield code="a">Fiction. Thriller. HTML:
When Agent 007 goes to Harlem, it's not just for the jazz. Harlem is the kingdom of Mr. Big, voodoo baron, black master of crime, and senior partner in SMERSH's grim company of death. As gold coins from a Jamaican pirate hoard start turning up in pawnshops in Harlem, M suspects the treasure is being used to finance SMERSH activity in America. Agent 007 is sent to New York to uncover Mr. Big's criminal operation.

Those Mr. Big cannot possess he crushes; those who cross him will meet painful ends, like his beautiful prisoner, Solitaire, and her lover, James Bond. Both are marked as victims in a trail of terror, treachery, and torture that leads from New York's black underworld to the shark-infested island in the sun that Mr. Big calls his own.

Bond realizes Big is one of the most dangerous men that he has ever faced, and no one, not even the mysterious Solitaire, can be sure how their battle of wills is going to end.</subfield>
  </datafield>
  <datafield tag="650" ind1=" " ind2=" ">
    <subfield code="2">Adventure</subfield>
    <subfield code="a">Bond</subfield>
  </datafield>
  <datafield tag="650" ind1=" " ind2=" ">
    <subfield code="2">Thriller</subfield>
    <subfield code="a">Fiction</subfield>
  </datafield>
  <datafield tag="942" ind1=" " ind2=" ">
    <subfield code="2">ddc</subfield>
    <subfield code="c">BK</subfield>
    <subfield code="n">0</subfield>
  </datafield>
  <datafield tag="999" ind1=" " ind2=" ">
    <subfield code="c">5457</subfield>
    <subfield code="d">5457</subfield>
  </datafield>
  <datafield tag="952" ind1=" " ind2=" ">
    <subfield code="0">0</subfield>
    <subfield code="1">0</subfield>
    <subfield code="2">ddc</subfield>
    <subfield code="4">0</subfield>
    <subfield code="7">0</subfield>
    <subfield code="8">FIC</subfield>
    <subfield code="a">001</subfield>
    <subfield code="b">001</subfield>
    <subfield code="c">ATKSF</subfield>
    <subfield code="d">2024-12-09</subfield>
    <subfield code="l">0</subfield>
    <subfield code="o">FLE 823.914 PR6056.L4</subfield>
    <subfield code="p">2024-2422</subfield>
    <subfield code="r">2024-12-09 14:40:33</subfield>
    <subfield code="t">1</subfield>
    <subfield code="w">2024-12-09</subfield>
    <subfield code="y">BK</subfield>
  </datafield>
</record>
